000 01396nam0a2200349 4500
001 RU\NLR\bibl\1828834
005 20250616163612.0
010 _a978-5-91187-145-1
_bВ пер.
_91000
021 _aRU
_b2011-1906и
_9260и
035 _a(nilc)LIBNET\0000159782
035 _a(NLR Aleph) 001819348
090 _a1983434
_c1983434
100 _a20110907d2011 |||y0rusy50 ca
101 0 _arus
_aeng
102 _aRU
105 _aa |||||||||
200 1 _aСергей Титов
_iЖивопись
_dSergey Titov. Painting
_e[альбом
_fпредисл.: А. Путинцев]
_zeng
210 _aМосква
_cБослен
_d2011
215 _a127 с.
_cцв. ил., портр.
_d30
300 _aТекст парал. на рус. и англ. яз.
510 1 _6z17790
_aSergey Titov. Painting
_zeng
600 1 _aТитов
_bС.Ю.
_f1951
_gСергей Юрьевич
_jАльбомы
_92099956
_3RU\NLR\auth\661573726
686 _aЩ143(2Р=Рус)7-8Титов С.Ю.я61
_vLBC/SL
_2rubbk
686 _aЩ143(2Р=Рус)7-8Титов я61
700 1 _aТитов
_bС. Ю.
_f1951-
_gСергей Юрьевич
_4070
790 1 _6z17510
_aTitiv
_bS. Ju.
_f1951-
_gSerge' Jur'evic
_4070
801 0 _aRU
_bГПИБ России
_c20110907
_grcr
801 1 _aRU
_bГПИБ России
_c20110907
_grcr
_2rusmarc
801 2 _aRU
_bNLR
_c20111102
_grcr
942 _cBOOK
980 _aNB
980 _aNBR